000 00275nam a22001337a 4500
008 190305b xxu||||| |||| 00| 0 eng d
020 _a0934387052
041 _aeng
080 _a371
100 _a46
101 _aEDU
245 _aNo Props
_cCollard,M
942 _2udc
_cBK
999 _c54588
_d54588